Obchodná verejná súťaž a využitie elektronických prostriedkov komunikácie

Výhody obchodnej verejnej súťaže, právna úprava a využitie elektronických spôsobov komunikácie.

Saved in:
Bibliographic Details
Main Author: Briestenský, Ladislav
Format: Book Chapter
Language:Slovak
Subjects:
Tags: Add Tag
No Tags, Be the first to tag this record!

MARC

LEADER 00000naa a2200000 4500
001 0233934
005 20221104112213.2
041 0 |a slo 
044 |a SK 
245 1 0 |a Obchodná verejná súťaž a využitie elektronických prostriedkov komunikácie  |c Ladislav Briestenský 
520 |a Výhody obchodnej verejnej súťaže, právna úprava a využitie elektronických spôsobov komunikácie. 
610 2 0 |a súťaž verejná 
610 2 0 |a technológie informačné 
610 2 0 |a technológie komunikačné 
610 2 0 |a úpravy právne 
610 2 0 |a obce 
610 2 0 |a dražby 
610 2 0 |a Slovensko 
100 1 |a Briestenský, Ladislav